|
|
|
|
| LEADER |
02123njm a2200493 a 4500 |
| 001 |
000292317 |
| 003 |
CZ BrMZK |
| 005 |
20201026123633.0 |
| 008 |
010907s1994 xr f und d |
| 028 |
0 |
3 |
|a 11 2140-2 611
|b Supraphon
|
| 040 |
|
|
|a BOA001
|b cze
|
| 080 |
|
|
|a 782.1(437.1)(086.7)
|2 MRF
|
| 080 |
|
|
|a 792.54(086.7)
|2 MRF
|
| 100 |
1 |
|
|a Martinů, Bohuslav,
|d 1890-1959
|7 jk01080381
|4 cmp
|4 lbt
|
| 245 |
1 |
0 |
|a Veselohra na mostě ;
|b Dvakrát Alexandr
|h [zvukový záznam] /
|c Bohuslav Martinů.
|
| 246 |
3 |
1 |
|a Comedy of the bridge
|
| 246 |
3 |
1 |
|a Alexandre bis
|
| 260 |
|
|
|a Praha :
|b Supraphon,
|c p1984, 1989, c1994
|
| 300 |
|
|
|a 1 CD :
|b stereo, AAD ;
|c 12 cm +
|e 2 brožury (99, 61 s.).
|
| 306 |
|
|
|a 012003
|
| 500 |
|
|
|a Nahr. 1973, 1982
|
| 500 |
|
|
|a Durata 80:03
|
| 500 |
|
|
|a Text a libreta v brožurách vícejaz.
|
| 511 |
0 |
|
|a Jarmila Krátká, soprán; René Tuček, baryton; Richard Novák, bas...[et al.]. Komorní orchestr Janáčkovy opery v Brně, řídí František Jílek.
|
| 653 |
0 |
|
|a opery
|a české operní texty
|
| 700 |
1 |
|
|a Barová, Anna,
|d 1932-2015
|7 jn19981228032
|4 prf
|
| 700 |
1 |
|
|a Dufek, Jaroslav,
|d 1934-2011
|7 ola200200973
|4 nrt
|
| 700 |
1 |
|
|a Dušek, Jiří,
|d 1924-2023
|7 jo2009480349
|4 prf
|
| 700 |
1 |
|
|a Dítě, Daniel,
|d 1954-
|7 ola200207388
|4 prf
|
| 700 |
1 |
|
|a Hladík, Jan,
|d 1943-2025
|7 mzk2004175546
|4 prf
|
| 700 |
1 |
|
|a Jílek, František,
|d 1913-1993
|7 jn19990216090
|4 cnd
|
| 700 |
1 |
|
|a Krejčík, Vladimír,
|d 1931-2013
|7 jn20000710334
|4 prf
|
| 700 |
1 |
|
|a Krátká, Jarmila,
|d 1934-
|7 ola200202754
|4 prf
|
| 700 |
1 |
|
|a Kurfirst, Bohumír
|4 nrt
|
| 700 |
1 |
|
|a Novák, Richard,
|d 1931-
|7 jn19990209599
|4 prf
|
| 700 |
1 |
|
|a Tuček, René,
|d 1936-2017
|7 ola200201598
|4 prf
|
| 700 |
1 |
|
|a Wurmser, André,
|d 1899-1984
|7 jo2004232681
|4 lbt
|
| 700 |
1 |
|
|a Šounová-Brouková, Daniela,
|d 1943-
|7 xx0024238
|4 prf
|
| 710 |
2 |
|
|a Státní divadlo v Brně.
|b Opera.
|b Orchestr
|7 ko2004251677
|
| 740 |
0 |
2 |
|a Dvakrát Alexandr
|
| 910 |
|
|
|a BOA001
|b CD-0003.127
|
| 964 |
|
|
|a Opery
|x texty české
|x CD
|
| 990 |
|
|
|a AV
|
| 996 |
6 |
|
|b 261H003163
|c CD-0003.127
|l MZK
|r Sklad / do 24 hodin
|n 0
|w 000292317
|u 000010
|a 1
|e BOA001
|j MZK50
|s P
|